|
|
|
|
| LEADER |
01561nam a22004454a 4500 |
| 001 |
EBC537757 |
| 003 |
MiAaPQ |
| 005 |
20200520144314.0 |
| 006 |
m o d | |
| 007 |
cr cn||||||||| |
| 008 |
080125s2008 enk sb 001 0 eng |
| 010 |
|
|
|z 2008921708
|
| 015 |
|
|
|a GBA8A1011
|2 bnb
|
| 016 |
7 |
|
|z 014697404
|2 Uk
|
| 020 |
|
|
|z 1412947022 (hbk.)
|
| 020 |
|
|
|z 9781412947022 (hbk.)
|
| 020 |
|
|
|z 1412947030 (pbk.)
|
| 020 |
|
|
|z 9781412947039 (pbk.)
|
| 035 |
|
|
|a (MiAaPQ)EBC537757
|
| 035 |
|
|
|a (Au-PeEL)EBL537757
|
| 035 |
|
|
|a (CaPaEBR)ebr10392691
|
| 035 |
|
|
|a (CaONFJC)MIL262382
|
| 035 |
|
|
|a (OCoLC)638860696
|
| 040 |
|
|
|a MiAaPQ
|c MiAaPQ
|d MiAaPQ
|
| 050 |
|
4 |
|a PN4775
|b .A88 2008
|
| 082 |
0 |
4 |
|a 070.4
|2 22
|
| 100 |
1 |
|
|a Atton, Chris.
|
| 245 |
1 |
0 |
|a Alternative journalism
|h [electronic resource] /
|c Chris Atton and James F. Hamilton.
|
| 260 |
|
|
|a London ;
|a Thousand Oaks, Calif. :
|b Sage,
|c 2008.
|
| 300 |
|
|
|a ix, 179 p.
|
| 490 |
0 |
|
|a Journalism studies
|
| 504 |
|
|
|a Includes bibliographical references (p. [155]-174) and index.
|
| 533 |
|
|
|a Electronic reproduction. Ann Arbor, MI : ProQuest, 2015. Available via World Wide Web. Access may be limited to ProQuest affiliated libraries.
|
| 650 |
|
0 |
|a Journalism.
|
| 650 |
|
0 |
|a Journalism
|x Technological innovations.
|
| 650 |
|
0 |
|a Popular culture and globalization.
|
| 655 |
|
4 |
|a Electronic books.
|
| 700 |
1 |
|
|a Hamilton, James Frederick,
|d 1959-
|
| 710 |
2 |
|
|a ProQuest (Firm)
|
| 856 |
4 |
0 |
|u https://ebookcentral.proquest.com/lib/matrademy/detail.action?docID=537757
|z Click to View
|